Quiver; (Record no. 152511)
[ view plain ]
| 000 -LEADER | |
|---|---|
| fixed length control field | 00650nam a22002177a 4500 |
| 003 - CONTROL NUMBER IDENTIFIER | |
| control field | dpl |
| 005 - DATE AND TIME OF LATEST TRANSACTION | |
| control field | 20180725134203.0 |
| 008 - FIXED-LENGTH DATA ELEMENTS--GENERAL INFORMATION | |
| fixed length control field | 180602b xxu||||| |||| 00| 0 eng d |
| 010 ## - LIBRARY OF CONGRESS CONTROL NUMBER | |
| LC control number | B-115461 |
| 035 ## - SYSTEM CONTROL NUMBER | |
| System control number | B-115461 , B-115446 |
| 037 ## - SOURCE OF ACQUISITION | |
| Source of stock number/acquisition | BPPD / PUB |
| 040 ## - CATALOGING SOURCE | |
| Transcribing agency | 0 |
| 082 14 - DEWEY DECIMAL CLASSIFICATION NUMBER | |
| Classification number | 881 |
| 100 ## - MAIN ENTRY--PERSONAL NAME | |
| Personal name | Akhtar, Javed |
| 245 1# - TITLE STATEMENT | |
| Title | Quiver; |
| Statement of responsibility, etc | by Javed Akhtar [edited] by David Matthews |
| Remainder of title | poems and ghazals |
| 260 ## - PUBLICATION, DISTRIBUTION, ETC. (IMPRINT) | |
| Place of publication, distribution, etc | Delhi |
| Name of publisher, distributor, etc | Harper Collins |
| Date of publication, distribution, etc | 2003 |
| 270 ## - ADDRESS | |
| Address | 1 A Hamilton House, Connaught Place |
| City | New Delhi |
| Postal code | 110001 |
| 300 ## - PHYSICAL DESCRIPTION | |
| Extent | 251p. |
| Dimensions | 22cm (Hb) |
| 700 ## - ADDED ENTRY--PERSONAL NAME | |
| Personal name | Matthews, David |
| 942 ## - ADDED ENTRY ELEMENTS (KOHA) | |
| Institution code [OBSOLETE] | dpl |
| Koha item type | English Books |
| Call number prefix | 881 / AKH |
| Source of classification or shelving scheme | Dewey Decimal Classification |
| Classification part | 881 |
| Call number suffix | AKH |
| Withdrawn status | Lost status | Source of classification or shelving scheme | Damaged status | Not for loan | Collection code | Home library | Current library | Date acquired | Source of acquisition | Cost, normal purchase price | Total Checkouts | Total Renewals | Full call number | Barcode | Date last seen | Date checked out | Cost, replacement price | Price effective from | Koha item type |
|---|---|---|---|---|---|---|---|---|---|---|---|---|---|---|---|---|---|---|---|
| Dewey Decimal Classification | Non-fiction | Shahdara Branch | Shahdara Branch | 02/06/2018 | BPPD/PUB | 0.00 | 1 | 2 | 881 AKH | B-115461 | 22/01/2019 | 10/12/2018 | 0.00 | 02/06/2018 | English Books | ||||
| Dewey Decimal Classification | Non-fiction | Tri Nagar | Tri Nagar | 25/07/2018 | BPPD/pub | 295.00 | 881 AKH | B-115446 | 25/07/2018 | 295.00 | 25/07/2018 | English Books |
